[Event "RUS-chT Blitz"]
[Site "Sochi"]
[Date "2023.10.17"]
[Round "8.27"]
[White "Khubukshanov, Erdem"]
[Black "Palin, Denis"]
[Result "1-0"]
[WhiteElo "2377"]
[BlackElo "2046"]
[PlyCount "83"]
[EventDate "2023.10.17"]
[EventType "team-swiss (blitz)"]
[EventRounds "13"]
[EventCountry "RUS"]
[SourceTitle "CBM 216 Extra"]
[Source "ChessBase"]
[SourceDate "2023.11.30"]
[SourceVersion "1"]
[SourceVersionDate "2023.11.30"]
[SourceQuality "1"]
[WhiteTeam "Novosibirsk Region"]
[BlackTeam "Saratov Muromtsev"]
[WhiteTeamCountry "RUS"]
[BlackTeamCountry "RUS"]

1. e4 e6 2. d4 d5 3. Nc3 dxe4 4. Nxe4 Nd7 5. Nf3 Ngf6 6. Nc3 Be7 7. g3 b6 8. Bg2 Bb7 9. 0-0 0-0 10. Qe2 c5 11. dxc5 Nxc5 12. Rd1 Qc8 13. Nb5 Rd8 14. Bf4 Nd5 15. Be5 a6 16. Na3 Bf6 17. Nc4 Bxe5 18. Qxe5 b5 19. Na5 Rd7 20. c4 bxc4 21. Nxc4 Qc7 22. Qe2 Rad8 23. Nfe5 Re7 24. Rac1 Qb8 25. Na5 Na4 26. Nec6 Bxc6 27. Nxc6 Qb6 28. Rxd5 exd5 29. Nxe7+ Kf8 30. Nxd5 Qd6 31. b3 Nc5 32. Bf3 Ne6 33. Rd1 Qc5 34. Qc4 Qa3 35. Nc3 Rxd1+ 36. Bxd1 g6 37. Be2 Qc1+ 38. Kg2 Qg5 39. h4 Qf6 40. Nd5 Qb2 41. Qc8+ Kg7 42. Qc3+ 1-0

[Event "Novorossiysk Small Land op"]
[Site "Novorossiysk"]
[Date "2023.07.24"]
[Round "8"]
[White "Bimiev, Ahmad"]
[Black "Palin, Denis"]
[Result "1-0"]
[WhiteElo "2242"]
[BlackElo "2049"]
[PlyCount "133"]
[EventDate "2023.07.17"]
[EventType "swiss"]
[EventRounds "9"]
[EventCountry "RUS"]
[SourceTitle "CBM 215 Extra"]
[Source "ChessBase"]
[SourceDate "2023.09.30"]
[SourceVersion "1"]
[SourceVersionDate "2023.09.30"]
[SourceQuality "1"]

1. c4 e6 2. Nf3 d5 3. d4 c5 4. g3 Nc6 5. Bg2 Nf6 6. 0-0 Be7 7. cxd5 exd5 8. dxc5 Bxc5 9. Nbd2 0-0 10. Nb3 Be7 11. Be3 Ne4 12. Rc1 Be6 13. Nfd4 Nxd4 14. Nxd4 Qd7 15. Nxe6 Qxe6 16. Qb3 b6 17. Rfd1 Rfd8 18. Rd3 Rd7 19. Rcd1 Rad8 20. Bf3 h6 21. a3 f5 22. Qa2 Kh7 23. b4 Bf6 24. Qb3 Be5 25. Bd4 Bxd4 26. Rxd4 g6 27. Qe3 Qf7 28. h4 h5 29. Kg2 Kg7 30. Qb3 Qe6 31. Qe3 Qf7 32. Qf4 Qe6 33. Rc1 Qd6 34. Qe3 Qe6 35. Rc2 Qf6 36. Qd3 Qe6 37. Qb5 Qf7 38. e3 Rd6 39. Rc1 Qd7 40. Be2 Qf7 41. a4 Qe6 42. a5 Rc8 43. Rxc8 Qxc8 44. Bf3 a6 45. Qd3 bxa5 46. bxa5 Qc5 47. Ra4 Rc6 48. Ra2 Qc4 49. Qa3 Qc5 50. Qb2+ Nc3 51. Ra1 Qc4 52. Rc1 Kh7 53. Qb7+ Rc7 54. Qb6 Rc6 55. Qd8 Rc7 56. Qd6 Qc5 57. Qxa6 Qa3 58. Rc2 Rg7 59. Qc6 Ne4 60. Qxd5 Nf6 61. Ra2 Qc1 62. Qd4 Ng4 63. a6 Qb1 64. Qb2 Qe1 65. Bxg4 fxg4 66. a7 Rd7 67. a8Q 1-0

[Event "Novorossiysk Small Land op"]
[Site "Novorossiysk"]
[Date "2023.07.21"]
[Round "5"]
[White "Palin, Denis"]
[Black "Karavaev, Vladimir"]
[Result "1/2-1/2"]
[WhiteElo "2049"]
[BlackElo "2430"]
[PlyCount "116"]
[EventDate "2023.07.17"]
[EventType "swiss"]
[EventRounds "9"]
[EventCountry "RUS"]
[SourceTitle "CBM 215 Extra"]
[Source "ChessBase"]
[SourceDate "2023.09.30"]
[SourceVersion "1"]
[SourceVersionDate "2023.09.30"]
[SourceQuality "1"]

1. c4 e6 2. Nf3 Nf6 3. e3 b6 4. d4 Bb7 5. Bd3 Bb4+ 6. Nbd2 Ne4 7. 0-0 f5 8. Qc2 Bxd2 9. Nxd2 Qh4 10. f3 Nf6 11. b4 0-0 12. Nb3 Nc6 13. Ba3 Rf7 14. b5 Ne7 15. Bb2 a5 16. bxa6 Bxa6 17. a4 Rb8 18. Bc3 Qg5 19. Rfe1 Bb7 20. Qf2 Ne4 21. Bxe4 fxe4 22. f4 Qg4 23. Qg3 Qxg3 24. hxg3 Ba6 25. c5 Nd5 26. Rac1 Bc4 27. Nd2 Bd3 28. Nb3 d6 29. cxd6 cxd6 30. Bd2 Ra7 31. Rc6 Rxa4 32. Nc1 Rc4 33. Rxd6 Rc2 34. Nxd3 exd3 35. Rd1 Ra8 36. f5 Nf6 37. fxe6 Rxd2 38. Rxd2 Ne4 39. Rxd3 Nxd6 40. Rc3 Rc8 41. Ra3 Nc4 42. Ra7 Nxe3 43. Rd7 Re8 44. d5 Nxd5 45. Rxd5 Rxe6 46. Rd7 Rf6 47. g4 h6 48. Kh2 Rf7 49. Rd5 Rb7 50. g5 hxg5 51. Rxg5 b5 52. Rg3 b4 53. Rb3 Kf7 54. Kg3 Ke6 55. Kf3 Kd5 56. Ke3 Kc4 57. Rb1 b3 58. Rc1+ Kd5 1/2-1/2

[Event "RUS-chT2"]
[Site "Sochi"]
[Date "2023.05.02"]
[Round "2.1"]
[White "Palin, Denis"]
[Black "Pingin, Artem"]
[Result "0-1"]
[WhiteElo "2078"]
[BlackElo "2384"]
[PlyCount "106"]
[EventDate "2023.05.01"]
[EventType "team-swiss"]
[EventRounds "9"]
[EventCountry "RUS"]
[SourceTitle "CBM 214 Extra"]
[Source "ChessBase"]
[SourceDate "2023.07.31"]
[SourceVersion "1"]
[SourceVersionDate "2023.07.31"]
[SourceQuality "1"]
[WhiteTeam "Saratov Muromtsev"]
[BlackTeam "Sverdlovsk Region Malakhit"]
[WhiteTeamCountry "RUS"]
[BlackTeamCountry "RUS"]

1. d4 d5 2. Nf3 Nf6 3. e3 c5 4. c4 cxd4 5. exd4 e6 6. Nc3 dxc4 7. Bxc4 Be7 8. 0-0 0-0 9. d5 exd5 10. Nxd5 Nxd5 11. Bxd5 Nc6 12. Bxc6 bxc6 13. Qxd8 Rxd8 14. Bf4 Be6 15. b3 a5 16. Rac1 Bd5 17. Ne5 Ra6 18. Rfd1 a4 19. h3 g5 20. Be3 f6 21. Nc4 axb3 22. axb3 Rb8 23. Rc3 Kf7 24. Bd4 Rd8 25. Bb6 Rda8 26. Be3 Ra1 27. Rcc1 Rxc1 28. Rxc1 Ra2 29. Nb6 Ba3 30. Rb1 Be4 31. Re1 Bb4 32. Rc1 Bc2 33. Nc4 Be7 34. Na5 Ba3 35. Rf1 Be4 36. Bb6 Bd5 37. f3 Bb4 38. Nb7 Rc2 39. Rb1 h5 40. Ba5 Bf8 41. b4 g4 42. hxg4 hxg4 43. Rf1 gxf3 44. gxf3 Rb2 45. Nc5 Bh6 46. Ne4 Be3+ 47. Kh1 f5 48. Nc3 Bc4 49. Ra1 Rc2 50. b5 cxb5 51. Bb4 Bd4 52. Ra3 Rb2 53. Bd6 b4 0-1

[Event "RUS-chT Rapid"]
[Site "Sochi"]
[Date "2022.10.18"]
[Round "4.15"]
[White "Palin, Denis"]
[Black "Pridorozhni, Aleksei"]
[Result "0-1"]
[WhiteElo "2129"]
[BlackElo "2529"]
[PlyCount "94"]
[EventDate "2022.10.18"]
[EventType "team-swiss (rapid)"]
[EventRounds "9"]
[EventCountry "RUS"]
[SourceTitle "CBM 210 Extra"]
[Source "ChessBase"]
[SourceDate "2022.11.30"]
[SourceVersion "1"]
[SourceVersionDate "2022.11.30"]
[SourceQuality "1"]
[WhiteTeam "Muromtsev Academy"]
[BlackTeam "Yugra"]
[WhiteTeamCountry "RUS"]
[BlackTeamCountry "RUS"]

1. d4 d6 2. Nf3 Bg4 3. Nbd2 Nd7 4. g3 c6 5. Bg2 e5 6. dxe5 dxe5 7. e4 Ngf6 8. 0-0 Qc7 9. Qe2 Bc5 10. Nc4 0-0 11. Bg5 Bh5 12. h3 b5 13. Bxf6 Nxf6 14. Ne3 Bg6 15. Nf5 Bxf5 16. exf5 e4 17. Ng5 e3 18. f4 Rad8 19. Rad1 Qc8 20. Kh2 Bb6 21. c3 h5 22. Ne4 Qxf5 23. Nxf6+ Qxf6 24. Qxh5 b4 25. Be4 g6 26. Qg4 Rxd1 27. Rxd1 bxc3 28. bxc3 Rd8 29. Rxd8+ Bxd8 30. Qd7 Bb6 31. Qd3 Qe6 32. c4 Qf6 33. Bf3 Bd4 34. Kg2 Kg7 35. Qe4 c5 36. Qb7 Qf5 37. Qb3 g5 38. fxg5 Qxg5 39. h4 Qg6 40. Qd1 Be5 41. Qe1 Bd4 42. Qd1 Kh6 43. Qa4 Be5 44. g4 Qd3 45. Qc6+ Kg7 46. Qd5 Qc2+ 47. Kg1 Qh2+ 0-1

[Event "Sochi IPCA op"]
[Site "Sochi"]
[Date "2022.10.07"]
[Round "6"]
[White "Obodchuk, Andrei"]
[Black "Palin, Denis"]
[Result "1-0"]
[WhiteElo "2321"]
[BlackElo "2129"]
[PlyCount "71"]
[EventDate "2022.10.03"]
[EventType "swiss"]
[EventRounds "7"]
[EventCountry "RUS"]
[SourceTitle "CBM 210 Extra"]
[Source "ChessBase"]
[SourceDate "2022.11.30"]
[SourceVersion "1"]
[SourceVersionDate "2022.11.30"]
[SourceQuality "1"]

1. e4 e6 2. d4 d5 3. Nc3 dxe4 4. Nxe4 Nd7 5. Nf3 Ngf6 6. Nxf6+ Nxf6 7. Be3 Be7 8. Bd3 0-0 9. Qe2 b6 10. 0-0-0 Bb7 11. Kb1 Qc8 12. h4 Be4 13. Bxe4 Nxe4 14. Bg5 Nf6 15. Ne5 Qb7 16. Bxf6 gxf6 17. Ng4 f5 18. Nh6+ Kg7 19. Nxf5+ exf5 20. Qxe7 Qc6 21. Qe5+ Qf6 22. Qxc7 Rfe8 23. Qg3+ Kh8 24. d5 Rad8 25. Rhe1 Rxe1 26. Rxe1 f4 27. Qf3 Qxh4 28. b3 b5 29. Rd1 Qg5 30. Qe4 Kg8 31. d6 Qg4 32. Rd3 Qg5 33. Rd5 Qf6 34. Qe7 Qxe7 35. dxe7 Re8 36. Rd8 1-0

[Event "Sochi IPCA op"]
[Site "Sochi"]
[Date "2022.10.06"]
[Round "5"]
[White "Palin, Denis"]
[Black "Denisov, Denis"]
[Result "1/2-1/2"]
[WhiteElo "2129"]
[BlackElo "1943"]
[PlyCount "29"]
[EventDate "2022.10.03"]
[EventType "swiss"]
[EventRounds "7"]
[EventCountry "RUS"]
[SourceTitle "CBM 210 Extra"]
[Source "ChessBase"]
[SourceDate "2022.11.30"]
[SourceVersion "1"]
[SourceVersionDate "2022.11.30"]
[SourceQuality "1"]

1. d4 Nf6 2. Nf3 d5 3. e3 e6 4. c4 Be7 5. Nbd2 0-0 6. Bd3 Nbd7 7. e4 dxe4 8. Nxe4 Nxe4 9. Bxe4 Nf6 10. Bc2 c5 11. 0-0 b6 12. dxc5 Qxd1 13. Rxd1 Bxc5 14. Ne5 Bb7 15. Bf4 1/2-1/2

[Event "Sochi IPCA op"]
[Site "Sochi"]
[Date "2022.10.04"]
[Round "3"]
[White "Palin, Denis"]
[Black "Zakharova, Evgenia"]
[Result "1/2-1/2"]
[WhiteElo "2129"]
[BlackElo "1840"]
[PlyCount "36"]
[EventDate "2022.10.03"]
[EventType "swiss"]
[EventRounds "7"]
[EventCountry "RUS"]
[SourceTitle "CBM 210 Extra"]
[Source "ChessBase"]
[SourceDate "2022.11.30"]
[SourceVersion "1"]
[SourceVersionDate "2022.11.30"]
[SourceQuality "1"]

1. d4 Nf6 2. Nf3 c5 3. e3 d5 4. c4 cxd4 5. exd4 g6 6. Nc3 Bg7 7. Bg5 dxc4 8. Bxc4 0-0 9. Ne5 Nc6 10. Nxc6 bxc6 11. 0-0 Bg4 12. Qd2 Qd7 13. f3 Be6 14. Bxe6 Qxe6 15. Rfe1 Qd7 16. Rad1 Rfe8 17. Bh6 Rad8 18. Bxg7 Kxg7 1/2-1/2

[Event "Novorossiysk Small Land op"]
[Site "Novorossiysk"]
[Date "2022.07.27"]
[Round "7"]
[White "Palin, Denis"]
[Black "Rozum, Ivan"]
[Result "1/2-1/2"]
[WhiteElo "2097"]
[BlackElo "2520"]
[PlyCount "214"]
[EventDate "2022.07.21"]
[EventType "swiss"]
[EventRounds "9"]
[EventCountry "RUS"]
[SourceTitle "CBM 209 Extra"]
[Source "ChessBase"]
[SourceDate "2022.09.30"]
[SourceVersion "1"]
[SourceVersionDate "2022.09.30"]
[SourceQuality "1"]

1. d4 Nf6 2. Nf3 b6 3. e3 Bb7 4. Bd3 c5 5. b3 g6 6. Bb2 Bg7 7. Nbd2 0-0 8. 0-0 Nc6 9. a3 cxd4 10. Nxd4 d6 11. Nxc6 Bxc6 12. Qe2 Qc7 13. Rac1 Rfe8 14. Rfe1 Qb7 15. Ba6 Qd7 16. a4 Nd5 17. Bxg7 Kxg7 18. c3 Nf6 19. e4 Qg4 20. Qxg4 Nxg4 21. Nf3 Red8 22. Nd4 Be8 23. h3 Nf6 24. e5 dxe5 25. Rxe5 e6 26. Ree1 Rd6 27. Rcd1 Rad8 28. Bb5 Bxb5 29. axb5 Nd5 30. Ne2 Nc7 31. Rxd6 Rxd6 32. Ra1 Nxb5 33. c4 Rd2 34. Ng3 Nd4 35. Rxa7 Nxb3 36. Ne4 Rd1+ 37. Kh2 h6 38. Rb7 Na5 39. Rxb6 Nxc4 40. Rb7 g5 41. g4 Ne5 42. Ng3 Nf3+ 43. Kg2 Nh4+ 44. Kh2 Rd2 45. Nh5+ Kg6 46. Kg1 Rd8 47. Kf1 Ra8 48. Kg1 Nf3+ 49. Kg2 Ne1+ 50. Kf1 Nd3 51. Rd7 Nc5 52. Rc7 Ne4 53. Rc2 Rd8 54. Ke2 Rb8 55. Kf3 Nd6 56. Rd2 Nc4 57. Rc2 Rc8 58. Kg3 Nb6 59. Rxc8 Nxc8 60. h4 Nd6 61. hxg5 hxg5 62. f4 Ne4+ 63. Kf3 Nc3 64. Ng3 gxf4 65. Kxf4 f6 66. Nf1 e5+ 67. Kf3 Kh6 68. Ne3 Kg5 69. Nc4 Nb5 70. Ke4 Nc3+ 71. Kf3 Na4 72. Ke4 Nc5+ 73. Kf3 Kg6 74. Ke3 Ne6 75. Ke4 Nc5+ 76. Kd5 Nd3 77. Ke4 Nf2+ 78. Kf3 Nh3 79. Ke4 Ng5+ 80. Kd5 Nf7 81. Ke6 Kg7 82. Kd5 Kh6 83. Ke6 Kg6 84. Kd5 Kg5 85. Ke6 Nd8+ 86. Kd5 Kf4 87. g5 fxg5 88. Nxe5 Kf5 89. Nc4 Nf7 90. Kd4 Kf4 91. Kd3 Kg3 92. Ke2 Kh3 93. Ne3 Ne5 94. Kf2 Ng6 95. Kf3 Nh4+ 96. Kf2 Ng6 97. Kf3 Nf4 98. Ke4 Ne2 99. Kf3 Ng3 100. Ng4 Ne4 101. Ne3 Nf6 102. Kf2 Ne4+ 103. Kf3 Nc5 104. Ng4 Nd3 105. Ne3 Ne5+ 106. Kf2 g4 107. Nxg4 Nxg4+ 1/2-1/2

[Event "Novorossiysk Small Land op"]
[Site "Novorossiysk"]
[Date "2022.07.23"]
[Round "3"]
[White "Palin, Denis"]
[Black "Savitskiy, Sergey"]
[Result "0-1"]
[WhiteElo "2097"]
[BlackElo "2414"]
[PlyCount "96"]
[EventDate "2022.07.21"]
[EventType "swiss"]
[EventRounds "9"]
[EventCountry "RUS"]
[SourceTitle "CBM 209 Extra"]
[Source "ChessBase"]
[SourceDate "2022.09.30"]
[SourceVersion "1"]
[SourceVersionDate "2022.09.30"]
[SourceQuality "1"]

1. d4 Nf6 2. Nf3 e6 3. e3 c5 4. Bd3 b6 5. Nbd2 Bb7 6. c3 Qc7 7. 0-0 Nc6 8. Ne4 Nxe4 9. Bxe4 d5 10. Bd3 Bd6 11. Qe2 h6 12. h3 f5 13. b3 0-0 14. Bb2 Rae8 15. c4 Nb4 16. cxd5 Nxd3 17. Qxd3 Bxd5 18. Ne5 Rd8 19. Qe2 cxd4 20. exd4 Qb7 21. f4 Kh7 22. Kh2 Rf6 23. g3 Rg8 24. Rac1 g5 25. Rg1 Rg7 26. Bc3 Qa8 27. Qf2 Qe8 28. Qe2 Rf8 29. Bd2 Rfg8 30. Be3 Be7 31. Rc7 g4 32. Rc2 Be4 33. Rc7 Qh5 34. Qf1 Bf6 35. Rxg7+ Rxg7 36. Bf2 Rc7 37. Nc4 gxh3 38. Qd1 Bf3 39. Qd2 Bd5 40. Ne3 Bf3 41. Nc4 Ba8 42. Qd3 b5 43. Nd6 Qf3 44. Be3 Rc3 45. Qxc3 Qe2+ 46. Bf2 Qxf2+ 47. Kxh3 Qxg1 48. Qc7+ Bg7 0-1

[Event "Novorossiysk Small Land Blitz"]
[Site "Novorossiysk"]
[Date "2022.07.17"]
[Round "11"]
[White "Palin, Denis"]
[Black "Khruschiov, Alexey"]
[Result "1-0"]
[WhiteElo "2097"]
[BlackElo "2343"]
[PlyCount "112"]
[EventDate "2022.07.17"]
[EventType "swiss (blitz)"]
[EventRounds "13"]
[EventCountry "RUS"]
[SourceTitle "CBM 209 Extra"]
[Source "ChessBase"]
[SourceDate "2022.09.30"]
[SourceVersion "1"]
[SourceVersionDate "2022.09.30"]
[SourceQuality "1"]

1. d4 g6 2. Nf3 Bg7 3. g3 Nf6 4. Bg2 0-0 5. 0-0 a6 6. a4 Nc6 7. Nc3 d6 8. b3 Bf5 9. Ba3 Ne4 10. Nxe4 Bxe4 11. c3 b5 12. Ne1 Bxg2 13. Kxg2 Qd7 14. Nf3 Rfb8 15. Qc2 d5 16. axb5 axb5 17. Bc5 Qf5 18. Qb2 e5 19. Rxa8 Rxa8 20. Ra1 Re8 21. e3 e4 22. Ne1 Nd8 23. Ra8 Qd7 24. Qa3 Ne6 25. Rxe8+ Qxe8 26. b4 Qb8 27. Qa7 Qxa7 28. Bxa7 f5 29. Nc2 g5 30. Na3 c6 31. Nb1 f4 32. Nd2 Kf7 33. Nb3 Ke7 34. Bb6 h5 35. Na5 Kd7 36. Nb3 Bf8 37. Nc5+ Bxc5 38. Bxc5 Ke8 39. h4 fxe3 40. fxe3 gxh4 41. gxh4 Kf7 42. Bd6 Kg6 43. Bg3 Kf5 44. Kh3 Nf8 45. Bd6 Nd7 46. Bc7 Nf6 47. Bf4 Ng4 48. Kg3 Nf6 49. Be5 Nh7 50. Kh3 Nf8 51. Bd6 Ng6 52. Kg3 Ke6 53. Bc5 Kf6 54. Bd6 Kf5 55. Be5 Nh8 56. Bc7 Nf7 1-0

[Event "RUS-ch Blitz"]
[Site "Sochi"]
[Date "2021.10.11"]
[Round "1"]
[White "Kobalia, Mihail"]
[Black "Palin, Denis"]
[Result "1-0"]
[WhiteElo "2600"]
[BlackElo "2110"]
[PlyCount "48"]
[EventDate "2021.10.11"]
[EventType "swiss (blitz)"]
[EventRounds "13"]
[EventCountry "RUS"]
[SourceTitle "CBM 204 Extra"]
[Source "ChessBase"]
[SourceDate "2021.11.30"]
[SourceVersion "1"]
[SourceVersionDate "2021.11.30"]
[SourceQuality "1"]

1. e4 e6 2. d3 d5 3. Nd2 Nf6 4. Ngf3 Bc5 5. c3 b6 6. e5 Nfd7 7. d4 Be7 8. Bd3 c5 9. Nf1 Ba6 10. Ng3 Bxd3 11. Qxd3 0-0 12. h4 Nc6 13. Ng5 g6 14. Nxh7 Kxh7 15. h5 Rh8 16. hxg6+ Kg7 17. Nh5+ Kg8 18. g7 Rh7 19. Bd2 cxd4 20. cxd4 Nb4 21. Bxb4 Bxb4+ 22. Ke2 Rc8 23. Nf6+ Nxf6 24. exf6 Rh2 1-0

[Event "Online Olym Disabilities final"]
[Site "Tornelo INT"]
[Date "2020.12.01"]
[Round "2.1"]
[White "Stolarczyk, Anna"]
[Black "Palin, Denis"]
[Result "0-1"]
[WhiteElo "1909"]
[BlackElo "2110"]
[PlyCount "94"]
[EventDate "2020.11.29"]
[EventType "team-tourn"]
[EventRounds "3"]
[EventCountry "NET"]
[SourceTitle "CBM 199 Extra"]
[Source "ChessBase"]
[SourceDate "2021.01.31"]
[SourceVersion "1"]
[SourceVersionDate "2021.01.31"]
[SourceQuality "1"]
[WhiteTeam "Poland"]
[BlackTeam "Russia"]
[WhiteTeamCountry "POL"]
[BlackTeamCountry "RUS"]

1. Nf3 e6 2. g3 d5 3. Bg2 c5 4. c4 Nc6 5. d4 Nf6 6. 0-0 Be7 7. Nc3 0-0 8. cxd5 exd5 9. Bg5 cxd4 10. Nxd4 h6 11. Be3 Re8 12. Nxc6 bxc6 13. Na4 Bd7 14. Nc5 Bxc5 15. Bxc5 Ne4 16. Bxe4 Rxe4 17. f3 Re8 18. Rc1 Qa5 19. a3 Qb5 20. Rf2 Qxb2 21. e4 Qb7 22. Qd4 dxe4 23. fxe4 Bh3 24. Rb2 Qc7 25. Bd6 Qd7 26. e5 Rab8 27. Rbc2 Rb6 28. Qa4 Rc8 29. Qf4 Be6 30. Rd2 Bd5 31. a4 Qb7 32. Bc5 Rb1 33. Rdc2 Rxc1+ 34. Qxc1 Qb3 35. Bxa7 Qxa4 36. Bc5 Qe4 37. h3 Qh1+ 38. Kf2 Qg2+ 39. Ke3 Qxg3+ 40. Kd4 Qf4+ 41. Kc3 Qxe5+ 42. Bd4 Qg3+ 43. Kd2 Qxh3 44. Rc3 Qg2+ 45. Kd3 Qe4+ 46. Kd2 Qxd4+ 47. Rd3 Qf4+ 0-1

[Event "Online Olym Disabilities"]
[Site "Tornelo INT"]
[Date "2020.11.25"]
[Round "5.1"]
[White "Dorner, Matthias"]
[Black "Palin, Denis"]
[Result "0-1"]
[WhiteElo "2172"]
[BlackElo "2110"]
[PlyCount "102"]
[EventDate "2020.11.21"]
[EventType "team-swiss (rapid)"]
[EventRounds "7"]
[EventCountry "NET"]
[SourceTitle "CBM 199 Extra"]
[Source "ChessBase"]
[SourceDate "2021.01.31"]
[SourceVersion "1"]
[SourceVersionDate "2021.01.31"]
[SourceQuality "1"]
[WhiteTeam "Germany"]
[BlackTeam "Russia"]
[WhiteTeamCountry "GER"]
[BlackTeamCountry "RUS"]

1. d4 e6 2. c3 d5 3. Bf4 Bd6 4. Bg3 Nf6 5. Nd2 0-0 6. e3 c5 7. Bd3 b6 8. Ngf3 Bb7 9. Ne5 Nc6 10. f4 Ne7 11. Qf3 Nf5 12. 0-0 Be7 13. Rae1 Nd6 14. Bh4 Nfe4 15. Bxe7 Qxe7 16. Qe2 Nxd2 17. Qxd2 f6 18. Ng4 a5 19. Qc2 g6 20. Rf3 Ne4 21. Nf2 Nxf2 22. Qxf2 f5 23. h3 Ba6 24. Bxa6 Rxa6 25. g4 c4 26. Kh2 b5 27. Rg1 b4 28. h4 Kh8 29. Rh3 fxg4 30. Rxg4 Rf5 31. Qg3 bxc3 32. bxc3 Qa3 33. Qe1 Rb6 34. Rg2 Rb2 35. Rhg3 Qxa2 36. e4 Rxf4 37. exd5 Rxh4+ 38. Kg1 Qb1 39. Re3 Qxe1+ 40. Rxe1 Rxg2+ 41. Kxg2 exd5 42. Ra1 Kg7 43. Rxa5 Rh5 44. Kf3 Rf5+ 45. Kg3 h5 46. Ra7+ Kh6 47. Rd7 Kg5 48. Rd8 h4+ 49. Kg2 Kg4 50. Rd6 g5 51. Rd8 h3+ 0-1

[Event "Chigorin Memorial 27th"]
[Site "St Petersburg"]
[Date "2019.10.10"]
[Round "6"]
[White "Palin, Denis"]
[Black "Duzhakov, Ilya"]
[Result "0-1"]
[WhiteElo "2164"]
[BlackElo "2401"]
[PlyCount "44"]
[EventDate "2019.10.05"]
[EventType "swiss"]
[EventRounds "9"]
[EventCountry "RUS"]
[SourceTitle "EXT 2020"]
[Source "ChessBase"]
[SourceDate "2019.10.17"]
[SourceVersion "1"]
[SourceVersionDate "2019.10.17"]
[SourceQuality "1"]

1. d4 Nf6 2. Nf3 e6 3. e3 c5 4. Bd3 d5 5. b3 Nc6 6. 0-0 Bd6 7. Bb2 0-0 8. a3 b6 9. Ne5 Bb7 10. Nd2 Rc8 11. f4 Ne7 12. Qf3 Nf5 13. g4 Nh4 14. Qh3 Ne4 15. g5 Nf5 16. Rad1 cxd4 17. exd4 Bxe5 18. dxe5 Qc7 19. b4 b5 20. Bxe4 dxe4 21. Nb3 e3 22. Rc1 Qc6 0-1

[Event "Chigorin Memorial 27th"]
[Site "St Petersburg"]
[Date "2019.10.07"]
[Round "3"]
[White "Palin, Denis"]
[Black "Tskhadadze, Anna"]
[Result "1-0"]
[WhiteElo "2164"]
[BlackElo "1941"]
[PlyCount "57"]
[EventDate "2019.10.05"]
[EventType "swiss"]
[EventRounds "9"]
[EventCountry "RUS"]
[SourceTitle "EXT 2020"]
[Source "ChessBase"]
[SourceDate "2019.10.17"]
[SourceVersion "1"]
[SourceVersionDate "2019.10.17"]
[SourceQuality "1"]

1. e4 d5 2. Nc3 dxe4 3. Nxe4 Bf5 4. Qf3 Bxe4 5. Qxe4 c6 6. Bc4 Nf6 7. Qe2 e6 8. Nf3 Bd6 9. d4 h6 10. 0-0 0-0 11. c3 Qc7 12. Re1 Nbd7 13. Bd2 Rfe8 14. g3 c5 15. Rad1 a6 16. Bb3 cxd4 17. Nxd4 Nc5 18. Bc2 Rac8 19. Nf3 Red8 20. Be3 Ncd7 21. Rd3 Nd5 22. Red1 Nxe3 23. Qxe3 Bc5 24. Qd2 Qb6 25. Rxd7 Rxd7 26. Qxd7 Bxf2+ 27. Kg2 Rf8 28. Qd6 Qxb2 29. Qd3 1-0

[Event "St Petersburg Korchnoi Memorial op"]
[Site "St Petersburg"]
[Date "2019.08.20"]
[Round "7"]
[White "Sek, Konstantin"]
[Black "Palin, Denis"]
[Result "1-0"]
[WhiteElo "2469"]
[BlackElo "2192"]
[PlyCount "73"]
[EventDate "2019.08.14"]
[EventType "swiss"]
[EventRounds "9"]
[EventCountry "RUS"]
[SourceTitle "CBM 192"]
[Source "ChessBase"]
[SourceDate "2019.10.31"]
[SourceVersion "1"]
[SourceVersionDate "2019.10.31"]
[SourceQuality "1"]

1. e4 c6 2. d4 g6 3. c4 Bg7 4. Nc3 e6 5. e5 f5 6. Bf4 Nh6 7. Qd2 Nf7 8. Nf3 d5 9. exd6 Nxd6 10. 0-0-0 0-0 11. h4 b5 12. h5 b4 13. Na4 Ne4 14. Qe3 Nd7 15. hxg6 hxg6 16. Ng5 Ndf6 17. f3 Nxg5 18. Bxg5 Qa5 19. b3 Re8 20. Bxf6 Bxf6 21. Qh6 Kf7 22. Qh7+ Bg7 23. Rh6 Rh8 24. Qxg6+ Kf8 25. Rxh8+ Bxh8 26. Be2 Qc7 27. Qh6+ Qg7 28. Qh2 Bd7 29. Nc5 Rd8 30. Rh1 Ke7 31. Qh4+ Qf6 32. Qxf6+ Bxf6 33. Rh7+ Ke8 34. f4 Bc8 35. Bh5+ Kf8 36. Rf7+ Kg8 37. Rxf6 1-0

[Event "St Petersburg Korchnoi Memorial op"]
[Site "St Petersburg"]
[Date "2019.08.17"]
[Round "4"]
[White "Avakian, Arkadii"]
[Black "Palin, Denis"]
[Result "1/2-1/2"]
[WhiteElo "1924"]
[BlackElo "2192"]
[PlyCount "50"]
[EventDate "2019.08.14"]
[EventType "swiss"]
[EventRounds "9"]
[EventCountry "RUS"]
[SourceTitle "CBM 192"]
[Source "ChessBase"]
[SourceDate "2019.10.31"]
[SourceVersion "1"]
[SourceVersionDate "2019.10.31"]
[SourceQuality "1"]

1. d4 d5 2. Nf3 Nf6 3. Bf4 c5 4. c3 Nc6 5. e3 Qb6 6. Qc2 g6 7. Nbd2 Bf5 8. dxc5 Qxc5 9. Qb3 Na5 10. Qb5+ Qxb5 11. Bxb5+ Bd7 12. Bxd7+ Nxd7 13. 0-0 Bg7 14. e4 Nb6 15. Bc7 Nac4 16. Bxb6 Nxb6 17. exd5 Nxd5 18. Ne4 0-0 19. Rad1 Rfd8 20. Rfe1 Rac8 21. Kf1 Rc4 22. Nfd2 Rcc8 23. Nb3 b6 24. g3 e6 25. Ke2 Rc4 1/2-1/2

[Event "IPCA Wch 19th"]
[Site "Ruzomberok"]
[Date "2019.07.06"]
[Round "9"]
[White "Babula, Milan"]
[Black "Palin, Denis"]
[Result "1/2-1/2"]
[WhiteElo "2220"]
[BlackElo "2180"]
[PlyCount "85"]
[EventDate "2019.06.28"]
[EventType "swiss"]
[EventRounds "9"]
[EventCountry "SVK"]
[SourceTitle "CBM 191 Extra"]
[Source "ChessBase"]
[SourceDate "2019.09.30"]
[SourceVersion "1"]
[SourceVersionDate "2019.09.30"]
[SourceQuality "1"]

1. e4 e6 2. d4 d5 3. Nc3 dxe4 4. Nxe4 Nd7 5. Nf3 Ngf6 6. Nxf6+ Nxf6 7. Bd3 c5 8. 0-0 Qc7 9. Qe2 Be7 10. dxc5 Qxc5 11. a3 Qc7 12. Bg5 0-0 13. Rad1 Bd7 14. Ne5 Bc6 15. Nxc6 Qxc6 16. Be4 Nxe4 17. Bxe7 Rfe8 18. Bh4 f6 19. Rd4 Nd6 20. Rd3 Nf5 21. Bg3 e5 22. c3 e4 23. Rdd1 e3 24. Bf4 Re4 25. fxe3 Qe6 26. Rf3 g5 27. Bg3 Re8 28. Qd3 g4 29. Rf4 Nxg3 30. hxg3 Rxe3 31. Qd4 f5 32. Rdf1 Re1 33. Rxe1 Qxe1+ 34. Rf1 Qxg3 35. Qd5+ Kh8 36. Qxf5 Qe3+ 37. Qf2 g3 38. Qxe3 Rxe3 39. Rd1 Re2 40. b4 Rc2 41. Kf1 Rf2+ 42. Kg1 Ra2 43. Kf1 1/2-1/2